| 000 | 00445nam a22001697a 4500 | ||
|---|---|---|---|
| 005 | 20241223094820.0 | ||
| 008 | 241223b ||||| |||| 00| 0 eng d | ||
| 040 | _cAL | ||
| 041 | _aEnglish | ||
| 082 |
_223 _a348.04 _bEASS |
||
| 100 |
_aEastern Book Company _9191844 |
||
| 245 | _aSupreme Court Cases2004: Vol 4 | ||
| 260 |
_aLucknow _bLucknow |
||
| 650 |
_aMode of Citation(2004) 4 SCC _9191845 |
||
| 650 |
_aLaw _9191846 |
||
| 942 |
_2ddc _cBI |
||
| 999 |
_c233386 _d233386 |
||